उर्दू की इश्क़िया शायरी (Record no. 293961)

MARC details
000 -LEADER
fixed length control field 00973nam a2200265Ia 4500
003 - CONTROL NUMBER IDENTIFIER
control field OSt
005 - DATE AND TIME OF LATEST TRANSACTION
control field 20220923211020.0
008 - FIXED-LENGTH DATA ELEMENTS--GENERAL INFORMATION
fixed length control field 220922b |||||||| |||| 00| 0 urd d
020 ## - INTERNATIONAL STANDARD BOOK NUMBER
International Standard Book Number 8170555884 (hbk)
037 ## - SOURCE OF ACQUISITION
Terms of availability Textual
040 ## - CATALOGING SOURCE
Original cataloging agency ARTS
Transcribing agency ARTS
Language of cataloging urd
041 ## - LANGUAGE CODE
Source of code urd
Language code of text/sound track or separate title urd
100 ## - MAIN ENTRY--PERSONAL NAME
Personal name गोरखपुरी, फ़िराक़
9 (RLIN) 157175
245 #0 - TITLE STATEMENT
Title उर्दू की इश्क़िया शायरी
246 ## - VARYING FORM OF TITLE
Title proper/short title Urdū kī ishक़iyā shāyarī
260 ## - PUBLICATION, DISTRIBUTION, ETC.
Place of publication, distribution, etc. नयी दिल्ली
Name of publisher, distributor, etc. वाणी प्रकाशन
Date of publication, distribution, etc. 1988
300 ## - PHYSICAL DESCRIPTION
Extent 87पृ0
Dimensions cm.
650 ## - SUBJECT ADDED ENTRY--TOPICAL TERM
Topical term or geographic name entry element उर्दू साहित्य
9 (RLIN) 157176
942 ## - ADDED ENTRY ELEMENTS (KOHA)
Classification part O168,1M96:g, 152M8
Koha item type Textual
Source of classification or shelving scheme Colon Classification (CC)
Holdings
Withdrawn status Lost status Damaged status Not for loan Home library Current library Date acquired Source of acquisition Cost, normal purchase price Total Checkouts Full call number Barcode Date last seen Cost, replacement price Price effective from Koha item type
        Arts Library Arts Library 2022-09-23 511, 08/03/2010, Vani Prakashan 75.00   O168,1M96:g 152M8 AL1346563 2022-09-23 75.00 2022-09-23 Textual
Copyright @ Delhi University Library System